El Museo de Bellas Artes de Murcia : (Record no. 190586)

MARC details
000 -LEADER
campo de control de longitud fija 01116cam a2200265 i 4500
001 - NÚMERO DE CONTROL
campo de control 190586
003 - IDENTIFICADOR DE NÚMERO DE CONTROL
campo de control ES-MaACL
005 - FECHA Y HORA DE LA ÚLTIMA TRANSACCIÓN
campo de control 20240123123157.0
008 - DATOS DE LONGITUD FIJA--INFORMACIÓN GENERAL
campo de control de longitud fija 220107s2009 sp a o001 0 spa
020 ## - NÚMERO INTERNACIONAL ESTÁNDAR DEL LIBRO
Número Internacional Estándar del Libro 84-606-3740-9
080 ## - NÚMERO DE LA CLASIFICACIÓN DECIMAL UNIVERSAL
Número de la Clasificación Decimal Universal 7:069.538(460.33 M.)
110 2# - ENTRADA PRINCIPAL--NOMBRE DE ENTIDAD CORPORATIVA
Nombre de entidad corporativa o nombre de jurisdicción como elemento de entrada Museo de Bellas Artes de Murcia.
9 (RLIN) 169137
245 13 - MENCIÓN DEL TÍTULO
Título El Museo de Bellas Artes de Murcia :
Resto del título la colección permanente /
Mención de responsabilidad, etc. [textos, Mª Ángeles Gutiérrez García ... et al. ; dirección y coordinación, Mª Ángeles Gutiérrez García, Mª Isabel Durante Asensio].
250 ## - MENCION DE EDICION
Mención de edición 2ª ed.
260 ## - PUBLICACIÓN, DISTRIBUCIÓN, ETC.
Lugar de publicación, distribución, etc. Murcia :
Nombre del editor, distribuidor, etc. Dirección General de Bellas Artes y Bienes Culturales, Museo de Bellas Artes de Murcia,
Fecha de publicación, distribución, etc. 2009.
300 ## - DESCRIPCIÓN FÍSICA
Extensión 448 p. :
Otras características físicas il. col. ;
Dimensiones 24 cm.
500 ## - NOTA GENERAL
Nota general Índice onomástico.
504 ## - NOTA DE BIBLIOGRAFÍA, ETC.
Nota de bibliografía, etc. Bibliografía: p. 427-433.
610 24 - PUNTO DE ACCESO ADICIONAL DE MATERIA--NOMBRE DE ENTIDAD CORPORATIVA
Nombre de entidad corporativa o nombre de jurisdicción como elemento de entrada Museo de Bellas Artes de Murcia.
9 (RLIN) 169137
700 1# - ENTRADA AGREGADA--NOMBRE PERSONAL
Nombre de persona Gutiérrez García, María Ángeles.
9 (RLIN) 173997
700 1# - ENTRADA AGREGADA--NOMBRE PERSONAL
Nombre de persona Durante Asensio, Isabel.
9 (RLIN) 173998
852 4# - LOCALIZACIÓN
Ubicación ES-MaACL
Número de control de estantería A-14847
itemnumber 197764
Sublocalización o colección R.152424
Ubicación en estantería Depósito 1
Signatura antigua Olim: N-7847
Donativo/Legado Donacion: Editorial
942 ## - ELEMENTOS DE ENTRADA SECUNDARIOS (KOHA)
Fuente del sistema de clasificación o colocación Clasificación decimal universal
Holdings
Estatus retirado Estado de pérdida Fuente del sistema de clasificación o colocación Estado de daño No para préstamo Biblioteca de origen Biblioteca actual Ubicación en estantería Fecha de adquisición Fuente de adquisición Total de préstamos Signatura topográfica completa Código de barras Visto por última vez Precio de reemplazo Tipo de ítem Koha
    Clasificación decimal universal     Biblioteca del Ateneo de Madrid Biblioteca del Ateneo de Madrid Depósito 1 07/01/2022 Donación   A-14847 1202801 23/02/2023 23/02/2023 Libro impreso